000 00589nam a2200169Ia 4500
008 230925s9999||||xx |||||||||||||| ||und||
082 _a621.31 SHE
100 _aSheharyar (321098)
_9118275
245 0 _aMulti Criteria Framework for Sustainable Agriculture Infrastructure : A Techno-economic and Environmental Assessment of Renewable Powered Irrigation System in Pakistan /
260 _bUSPCAS-E, NUST,Islamabad :
_c2023
300 _axii, 36 p.
520 _aTH-495
650 _vMS Thesis
_918721
650 _vMS-EEP Thesis
700 _aDr. Muhamad Yousif
942 _cTHE
_2ddc
999 _c603242
_d603242